00968nam a22002297a 4500001001000000003000500010005001700015008004100032010001100073011001100084035001100095040000900106100002600115245021100141260004100352500006000393502012500453650003400578650003100612650003100643856006400674000107599CHAP20220329143936.0121011s2012 mx r 00010 spa d a104061 a105033 a115725 cCHAP1 aOsorio Marin, Yolanda10aEstrés térmico, restricción alimenticia y tercer tercio gestación en ovejas de pelo :h[En línea]befectos sobre los niveles séricos de triyodotironina y colesterol /c/por Yolanda Osorio Marin. aChapingo, Méx. :bEl autor,c2012. aPara ver el contenido del material haga clic en la liga aTesis (Ing. Agrónomo en Sistemas Pecuarios de Zonas Áridas) -- UACH. Unidad Regional Universitaria de Zonas Áridas04aGanado lanarxAlimentación.04aGanado lanarxCrecimiento.04aGanado lanarxNutrición. 3Finding aiduhttp://10.13.5.2/tesis/115725.pdfzTeclea aqui